|
|
|
|
| LEADER |
02760nam a2200601 i 4500 |
| 001 |
nkc20243636867 |
| 003 |
CZ PrNK |
| 005 |
20260216074134.0 |
| 007 |
ta |
| 008 |
251223s2025 xr d 000 f cze |
| 015 |
|
|
|a cnb003636867
|
| 020 |
|
|
|a 978-80-284-0339-3
|q (brožováno)
|
| 035 |
|
|
|a (OCoLC)1578134713
|
| 040 |
|
|
|a ABG001
|b cze
|d ABA001
|e rda
|
| 041 |
1 |
|
|a cze
|h eng
|
| 072 |
|
7 |
|a 821.111(73)-3
|x Americká próza
|2 Konspekt
|9 25
|
| 072 |
|
7 |
|a 821-93
|x Literatura pro děti a mládež (beletrie)
|2 Konspekt
|9 26
|
| 080 |
|
|
|a 821.111(73)-31
|2 MRF
|
| 080 |
|
|
|a 821-9-055.3/.4
|2 MRF
|
| 080 |
|
|
|a 821-93-053.67
|2 MRF
|
| 080 |
|
|
|a 821-93
|2 MRF
|
| 080 |
|
|
|a (0:82-31)
|2 MRF
|
| 100 |
1 |
|
|a Albertalli, Becky
|7 kv2016934132
|4 aut
|
| 240 |
1 |
0 |
|a What if it's us.
|l Česky
|
| 245 |
1 |
0 |
|a Co když jsme to my /
|c Becky Albertalli, Adam Silvera ; přeložila Kateřina Hajžmanová
|
| 250 |
|
|
|a Vydání druhé
|
| 264 |
|
1 |
|a Praha :
|b Euromedia Group,
|c 2025
|
| 300 |
|
|
|a 342 stran ;
|c 20 cm
|
| 336 |
|
|
|a text
|b txt
|2 rdacontent
|
| 337 |
|
|
|a bez média
|b n
|2 rdamedia
|
| 338 |
|
|
|a svazek
|b nc
|2 rdacarrier
|
| 490 |
1 |
|
|a Yoli
|
| 500 |
|
|
|a Přeloženo z angličtiny
|
| 520 |
2 |
|
|a Román o těžkém hledání lásky v New Yorku v situaci, kdy neznáte ani jméno toho druhého a víte o něm jenom pár indicií.
|b Arthur a Ben se potkali na poště a během necelé hodinové konverzace mezi nimi tak trochu přeskočila jiskra. Benovi, který na poštu nesl krabici s věcmi bývalého přítele připadá, že je na nový vztah moc brzy, na Arthura ale nemůže přestat myslet. Sám Arthur je na tom podobně. Jak ale najít v New Yorku někoho, když znáte jenom jméno a nevíte, zdali je to jméno kluka, který vás okouzlil, nebo jeho bývalého přítele? Podaří se Arthurovi a Benovi vzájemně se najít? A pokud ano, bude to doopravdy tak velká láska, jakou si Arthur vysnil?
|
| 521 |
8 |
|
|a Pro čtenáře od 13 let
|
| 655 |
|
7 |
|a americké romány
|7 fd131796
|2 czenas
|
| 655 |
|
7 |
|a queer literatura
|7 fd1230250
|2 czenas
|
| 655 |
|
7 |
|a literatura young adult
|7 fd1185572
|2 czenas
|
| 655 |
|
7 |
|a publikace pro mládež
|7 fd133157
|2 czenas
|
| 655 |
|
9 |
|a American fiction
|2 eczenas
|
| 655 |
|
9 |
|a queer literature
|2 eczenas
|
| 655 |
|
9 |
|a young adult literature
|2 eczenas
|
| 655 |
|
9 |
|a juvenile literature
|2 eczenas
|
| 700 |
1 |
|
|a Silvera, Adam,
|d 1990-
|7 xx0222663
|4 aut
|
| 700 |
1 |
|
|a Hajžmanová, Kateřina,
|d 1993-
|7 kv2016937039
|4 trl
|
| 787 |
0 |
8 |
|i Z cyklu:
|t Co když jsme to my
|g 1
|
| 830 |
|
0 |
|a Yoli
|0 s
|
| 910 |
2 |
|
|a BOA001
|b 1-1556.089
|
| 920 |
|
|
|a 5188009
|z ABG001
|
| 990 |
|
|
|a BK
|
| 995 |
|
|
|a 01
|
| 991 |
|
|
|b 202601
|c NOV
|
| 996 |
6 |
|
|b 2611022550
|c 1-1556.089
|l MZK
|r Sklad / do 1 hodiny
|n 0
|p p.v.
|w 002029839
|u 000010
|a 1
|e BOA001
|j MZK50
|s P
|